000 00640nam a2200241Ia 4500
003 OSt
005 20220924123529.0
006 a|||||r|||| 00| 0
007 ta
008 220923b |||||||| |||| 00| 0 tel d
020 _c80.00
024 _a334026
037 _cTextual
040 _aARTS
_cARTS
_btel
041 _2tel
_atel
082 _a035,2x, N9
100 _aSusheela T. Au.
_9193074
245 0 _aOka suryuda
_bmoodu nakshtralu
260 _aNew Delhi
_b Aseem prakashan
_c1999
650 _aTELUGU DRAMA
_9173432
942 _h035,2x, N9
_cTEXL
_2CC
999 _c416134
_d416134